| 000 | 02378nam0a2200457 4500 | ||
|---|---|---|---|
| 001 | RU\NLR\BIBL_A\022173548 | ||
| 005 | 20260409163808.0 | ||
| 010 |
_a978-5-89647-423-4 _96000 |
||
| 021 |
_aRU _bКН-П-24-008467 _9КН-П-24-0877 |
||
| 035 | _a(NLR Aleph) 022173548 | ||
| 090 |
_a12959652 _c12959652 |
||
| 100 | _a20240320d2024 k y0rusy50 ca | ||
| 101 | 1 |
_arus _cger |
|
| 102 | _aRU | ||
| 105 | _ac z 000yb | ||
| 181 | 0 |
_ai _bxxxe |
|
| 182 | 1 | _an | |
| 200 | 1 |
_aПервый взгляд на Адриенн фон Шпайр _fГанс Урс фон Бальтазар _gперевод [с нем.]: Ольга Хмелевская |
|
| 203 |
_aТекст _bвизуальный _cнепосредственный |
||
| 210 |
_aМосква _cИзд-во ББИ _d2024 |
||
| 215 |
_aXIV, 218 с. _cпортр. _d22 |
||
| 225 | 1 | _aСерия "Современное богословие" | |
| 300 | _aЗагл. и авт. ориг.: Erster Blick auf Adrienne von Speyr / Hans Urs von Balthasar | ||
| 300 | _aНа задней сторонке пер. авт.: Г. У. фон Балтазар - богослов, кардинал, д-р философии | ||
| 320 | _aБиблиогр. в подстроч. примеч. | ||
| 320 | _aСписок тр. А. фон Шпайр: с. 81-88 | ||
| 320 | _aДругие кн. авт.: с. 1 | ||
| 454 | 0 |
_12001#$aErster Blick auf Adrienne von Speyr$fHans Urs von Balthasar _1700#1$aBalthasar$bH. U. von$f1905-1988$gHans Urs von$3RU\NLR\AUTH\7753325 _tErster Blick auf Adrienne von Speyr _aBalthasar, Hans Urs von (1905-1988) |
|
| 600 | 1 |
_aШпайр _bА. фон _f1902 - 1967 _gАдриенн фон _92589257 _3RU\NLR\AUTH\6601740182 |
|
| 606 | 1 |
_aБогословие католическое _yШвейцария _z20 - 21 в. _92589262 _3RU\NLR\AUTH\6601740185 |
|
| 686 | 1 | _aР.г(4Ш)7д Шпайр | |
| 686 | 2 | _aЭ375-39(4Ш)6-028 | |
| 686 | 2 | _aЭ375-39(4Ш)6-4 | |
| 700 | 1 |
_7ca _8rus _aБальтазар _bХ. У. фон _f1905-1988 _gХанс Урс фон _936249 _3RU\NLR\AUTH\7753317 |
|
| 702 | 1 |
_4280 _7ca _8rus _aШпайр _bА. фон _f1902-1967 _gАдриенн фон _92704584 _3RU\NLR\AUTH\770292140 |
|
| 942 | _cBOOK | ||
| 980 | _aNB | ||